International journal of parallel programming
| Título anterior: | International journal of computer & information sciences |
|---|---|
| Formato: | Electrónico Revista |
| Lenguaje: | inglés |
| Publicado: |
New York :
Plenum Press,
1972-
New York : Plenum Publishing Corporation New York : Springer Science + Business Media |
| Materias: | |
| Acceso en línea: | Full text available from Research Library: 02/01/1997 to 1 year ago |
MARC
| LEADER | 00000nas a2200000 a 4500 | ||
|---|---|---|---|
| 001 | ssj0009788 | ||
| 003 | WaSeSS | ||
| 005 | 20200512172242.0 | ||
| 006 | m d | ||
| 007 | cr n | ||
| 008 | 980717c19729999nyubr pss 0 a0eng c | ||
| 010 | |a 2004233344 | ||
| 016 | 7 | |a 012433510 |2 Uk | |
| 022 | |a 1573-7640 |l 0885-7458 |y 0885-7458 | ||
| 035 | |a (WaSeSS)ssj0009788 | ||
| 037 | |b Springer New York LLC, 233 Spring St, New York, NY 10013 United States | ||
| 040 | |a F#A |b eng |e pn |c F#A |d OCL |d OCLCQ |d MUQ |d OCLCQ |d GUA |d OCLCQ |d OCL |d DLC |d OCLCQ |d AGL |d OCLCQ |d BUF |d TXA |d OCLCE |d OCLCF |d OCLCO |d OCLCQ |d WT2 |d OCLCQ |d WYU |d UKMGB |d VT2 |d NJT |d DLC |d OCLCQ |d WaSeSS | ||
| 042 | |a pcc | ||
| 050 | 0 | 0 | |a QA76.5 |
| 070 | 0 | |a QA76.5 |b .I56 | |
| 072 | 0 | |a X200 | |
| 082 | 0 | 4 | |a 004.35 |
| 130 | 0 | |a International journal of parallel programming (Online) | |
| 245 | 1 | 0 | |a International journal of parallel programming |h [electronic resource]. |
| 246 | 3 | 0 | |a Parallel programming |
| 260 | |3 1986- |a New York : |b Plenum Press, |c 1972- | ||
| 260 | |3 1986-Aug. 2004 : |a New York : |b Plenum Publishing Corporation | ||
| 260 | |3 Oct. 2004- : |a New York : |b Springer Science + Business Media | ||
| 310 | |a Bimonthly | ||
| 321 | |a Quarterly | ||
| 362 | 1 | |a Began with: Vol. 1, issue 1 (Mar. 1972). | |
| 500 | |a Some issues also have distinctive theme titles. | ||
| 506 | |a License restrictions may limit access. | ||
| 515 | |a Some issues combined. | ||
| 538 | |a Mode of access: World Wide Web. | ||
| 588 | 0 | |a Vol. 1, issue 1 (Mar. 1972); title from PDF article header (Springer Link, viewed Sept. 6, 2013). | |
| 588 | 1 | |a Vol. 47, issue 4 (Aug. 2019) (Springer Link, viewed Sept. 19, 2019). | |
| 650 | 0 | |a Parallel programming (Computer science) |v Periodicals. | |
| 650 | 0 | |a Parallel processing (Electronic computers) |v Periodicals. | |
| 650 | 6 | |a Programmation parallèle (Informatique) |v Périodiques. | |
| 650 | 6 | |a Parallélisme (Informatique) |v Périodiques. | |
| 650 | 7 | |a Parallel processing (Electronic computers) |2 fast |0 (OCoLC)fst01052928 | |
| 650 | 7 | |a Parallel programming (Computer science) |2 fast |0 (OCoLC)fst01052939 | |
| 655 | 0 | |a Electronic journals. | |
| 776 | 0 | 8 | |i Print version: |t International journal of parallel programming |x 0885-7458 |w (DLC) 87649771 |w (OCoLC)12712733 |
| 780 | 0 | 0 | |t International journal of computer & information sciences |w (OCoLC)288913878 |
| 850 | |a DLC | ||
| 856 | 4 | 0 | |z Full text available from Research Library: 02/01/1997 to 1 year ago |u https://search.proquest.com/publication/48389 |